Sports Quiz

Random Sports or World Cup Quiz

FIFA World Cup #11s Quiz Stats

 Plays Quiz not verified by Sporcle

Challenge
Share
Tweet
Embed
Score 0/83 Timer 10:00
0 Plays Today
% Correct
Argentina
100%
Sweden
98%
Brazil
95.9%
Mexico
95.9%
Spain
95.9%
England
95.9%
Netherlands
95.9%
Germany
95.9%
Italy
93.9%
France
93.9%
Cameroon
93.9%
Denmark
93.9%
Nigeria
93.9%
Croatia
93.9%
Ivory Coast
93.9%
Czech Republic
93.9%
Japan
91.8%
Colombia
89.8%
Switzerland
89.8%
Belgium
89.8%
Romania
89.8%
Turkey
89.8%
West Germany
87.8%
Chile
87.8%
Poland
87.8%
South Korea
87.8%
Senegal
87.8%
Ghana
87.8%
% Correct
Bosnia and Herzegovina
87.8%
Hungary
85.7%
Soviet Union
85.7%
Portugal
85.7%
Algeria
85.7%
Russia
83.7%
North Korea
83.7%
United States
83.7%
Greece
83.7%
Bulgaria
81.6%
China PR
81.6%
Uruguay
79.6%
Czechoslovakia
79.6%
Austria
79.6%
Ukraine
79.6%
Scotland
75.5%
Australia
73.5%
Republic of Ireland
73.5%
Yugoslavia
69.4%
East Germany
69.4%
Slovakia
69.4%
Northern Ireland
67.3%
Norway
67.3%
Saudi Arabia
67.3%
South Africa
67.3%
Ecuador
67.3%
Iran
63.3%
Paraguay
57.1%
% Correct
Bolivia
57.1%
Slovenia
55.1%
New Zealand
51%
Angola
51%
Haiti
49%
Tunisia
49%
Morocco
46.9%
Honduras
46.9%
Canada
46.9%
Serbia and Montenegro
46.9%
Zaire
44.9%
FR Yugoslavia
44.9%
Trinidad and Tobago
44.9%
Serbia
44.9%
Wales
40.8%
Jamaica
40.8%
Iraq
38.8%
Costa Rica
36.7%
El Salvador
30.6%
Peru
30.6%
Kuwait
30.6%
Egypt
28.6%
United Arab Emirates
22.4%
Togo
16.3%
Israel
14.3%
Iceland
0%
Panama
0%

You're not logged in!

Compare scores with friends on all Sporcle quizzes.
Join for Free
OR
Log In

You Might Also Like...

Show Comments

Extras

Top Quizzes Today


Score Distribution

Your Account Isn't Verified!

In order to create a playlist on Sporcle, you need to verify the email address you used during registration. Go to your Sporcle Settings to finish the process.

Report this User

Report this user for behavior that violates our Community Guidelines.

Details: